| 000 | 01033nam a2200325 i 4500 | ||
|---|---|---|---|
| 003 | EG-GICUC | ||
| 005 | 20260121101730.0 | ||
| 008 | 260115s1983 fr ||||fr|||| 001 0 fre d | ||
| 020 | _a2.13.038262.2 | ||
| 040 |
_aEG-GiCUC _bfre _cEG-GiCUC _dEG-GiCUC _erda |
||
| 041 | _afre | ||
| 082 | 0 | 4 |
_221 _a341.64 _bPE . R |
| 092 | 0 | 4 | _221 |
| 099 | _aLaw1 11 341.64 PE . R 1 ed - 1983 | ||
| 100 | 1 |
_a Perruchoud, Richard _eAuteur |
|
| 245 | 1 | 3 |
_aLe Régime De Neutralité Du Canal De Panama / _cRichard Perruchoud. |
| 264 | 1 |
_aParis : _bPresses Universitaires De France, _c1983. |
|
| 300 |
_a341 pages, _c24 cm _billustration ; |
||
| 336 |
_2rda content _atext |
||
| 337 |
_2rda media _aComputer |
||
| 338 |
_2rda carrier _aOnline Resource |
||
| 500 | _aComprend un index. | ||
| 546 | _aTexte en français | ||
| 650 | 1 | 4 |
_2qrmak _aNeutralité (Droit international) |
| 650 | 1 | 4 | _2Droit international |
| 651 | 1 | _2qrmak | |
| 856 | 4 | 0 | _uhttps://fll.law.cu.edu.eg/fulltext/bks/B11-06928.pdf |
| 905 | _a79 | ||
| 942 |
_2ddc _cBK _e21 _n0 |
||
| 999 |
_c57254 _d57254 |
||